000 01155nmm a2200253 4500
001 174473
003 ES-MaACL
005 20230906215535.0
007 c| |g
008 100427s2005 sp | | 100 0 spa d
080 _a726.7(460)
245 0 0 _aReal Monasterio de la Encarnación de Madrid [
_hrecurso electrónico]
_b; Real Monasterio de Santa Clara de Tordesillas.
260 _a[Madrid] :
_bMinisterio de Educación y Ciencia,
_ccop. 2005.
300 _a1 disco compacto ;
_c12 cm.
490 1 _aReales Sitios
538 _aRequisitos del sistema: Pentium II a 300 Mhz o superior ; Windows 9x, Windows NT o Windows 2000 ; Tarjeta gráfica con aceleración 3D ; Tarjeta de sonido ; Direct X 6.0 o superior ; Internet Explorer 4.0 o superior ; Netscape 4.0 o superior ; Plug-in Vislite (autoinstalable)
594 _aTít. tomado del CD.
610 2 4 _aMonasterio de la Encarnación (Madrid)
_9140904
610 2 4 _aMonasterio de Santa Clara (Tordesillas)
_9140901
710 1 _aEspaña.
_bMinisterio de Educación y Ciencia.
_93864
830 0 _aReales Sitios
_9189427
852 4 _aES-MaACL
_jROT 2/5/4
_z.- CD-ROM
999 _c174473
_d174473